00900nam a2200277 i 4500001001000000003000900010005001700019007000300036008004100039040003000080041000800110082002000118100003800138245006400176246001000240264010200250300002200352336002700374337003300401338002800434490004700462490001700509500003200526830004700558830001700605000012344DO-SdBNP20250218104750.0ta091111s1999 dr r 001 0 spa d aDO-SdBNPbspacBNPHUerda hspa axxxxbG216h2221 aGarcía Cartagena, Manueleautor10aHistoria de Almueje :bnovela /cManuel García Cartagena.10aObras aSanto Domingo :bSistema Nacional de talleres literariosbConsejo Presidencial de Cultura,c1999. avolumen ;c28 cm. ardacontentbtexto2txt ardamediabsin mediación2n ardacarrierbvolumen2nc1 aSistema Nacional de talleres literariosv21 aFin de siglo aLa biblioteca posee en v. 1 0aSistema Nacional de talleres literariosn2 0aFin de siglo